| 000 | 00777nam a2200241Ia 4500 | ||
|---|---|---|---|
| 008 | 160418s9999 xx 000 0 und d | ||
| 020 | _a978-971-584-640-0 | ||
| 050 | _aFIL PL 5665.25 | ||
| 050 | _b.M37 2008 | ||
| 245 | _aMasining na pagpapahayag : | ||
| 245 | _bpasalita at pasulat na diskurso : dulog modyular / | ||
| 245 | _cSimplicio P. Bisa… [et al] | ||
| 260 | _aQuezon City: | ||
| 260 | _bC & E Pub. Inc., | ||
| 260 | _c2008 | ||
| 300 | _a384 pages : | ||
| 300 | _billustrations ; | ||
| 300 | _c23 cm. | ||
| 500 | _aIncludes bibliographical references and index. | ||
| 650 | _aFilipino language -- Composition and exercises. | ||
| 650 | _aFilipino language -- Study and teaching (Higher). | ||
| 650 | _xFilipino language -- Rhetoric -- Textbooks. | ||
| 999 |
_c293424 _d293424 |
||